Statistics for POV characters in a Song of Ice and Fire

Click here to take the quiz!

General Stats

  • This quiz has been taken 1,555 times
  • The average score is 20 of 31

Answer Stats

Hint Answer % Correct
A Game of ThronesEddard Stark
99%
A Game of ThronesJon Snow
99%
A Game of ThronesSansa Stark
98%
A Game of ThronesArya Stark
98%
A Game of ThronesTyrion Lannister
97%
A Game of ThronesCatelyn Stark
97%
A Storm of SwordsJaime Lannister
94%
A Game of ThronesBran Stark
94%
A Feast for CrowsCersei Lannister
92%
A Game of ThronesDaenerys Targaryen
90%
A Clash of KingsTheon Greyjoy
81%
A Clash of KingsDavos Seaworth
77%
A Feast for CrowsBrienne of Tarth
76%
A Storm of SwordsSamwell Tarly
75%
A Feast for CrowsAsha Greyjoy
57%
A Dance with DragonsMelisandre
54%
A Dance with DragonsBarristan Selmy
53%
A Feast for CrowsArianne Martell
53%
A Feast for CrowsVictarion Greyjoy
49%
A Dance with DragonsKevan Lannister
46%
A Game of ThronesWill
44%
A Dance with DragonsQuentyn Martell
42%
A Feast for CrowsAreo Hotah
40%
A Feast for CrowsAeron Greyjoy
39%
A Clash of KingsMaester Cressen
38%
A Feast for CrowsArys Oakheart
36%
A Feast for CrowsPate
33%
A Dance with DragonsJon Connington
32%
A Dance with DragonsVaramyr Sixskins
32%
A Storm of SwordsMerrett Frey
25%
A Storm of SwordsChett
24%

Score Distribution

Percentile by Number Answered

Percent of People with Each Score

Your Score History

You have not taken this quiz